000 01853na a2200421 4500
001 22965
003 MIRAKIL
005 20181213154934.0
008 170304b tu 000 0
035 _a13419
040 _aMilas
_btur
_cTR-AnCHP
041 _atur
082 _aCHP 324.9561
_bT96 2009/08
090 _aCHP 324.9561 T96 2009/08
091 _aARŞİV-SEÇMEN ARAŞTIRMALARI
245 _aTürkiye siyasi durum araştırması
_b14-19 Ağustos 2009
_c[hazırlayan] area Araştırma, Eğitim, Danışmanlık, Organizasyon ve Reklamcılık
246 _a2009 siyasi durum araştırması
246 _a2009 Türkiye siyasi durum araştırması
260 _aAnkara
_barea
_cAğustos 2009
300 _a60 s.
_btbl.; grf.
_c30 sm.
500 _aYerel numaradaki sayılar araştırmanın yapıldığı ayları temsil eder : Ocak -1 ; Şubat - 2 ; Mart - 3 ; Nisan - 4 ; Mayıs - 5; Haziran - 6 ; Temmuz - 7; Ağustos - 8; Eylül - 9; Ekim - 10; Kasım - 11 ; Aralık - 12.
610 _aCHP
_xKamuoyu araştırmaları
_ySiyasal eğilim
_zTürkiye
650 _aKamuoyu araştırmaları
_xSiyasal partiler
_zTürkiye
650 _aKamuoyu araştırmaları
_xSeçimler
_zTürkiye
650 _aSiyasal partiler
_xKamuoyu araştırmaları
_ySiyasal eğilim
_zTürkiye
650 _aSiyasal eğilim
_zTürkiye
651 _aTürkiye
_xSiyaset ve yönetim
657 _aCHP seçmen araştrması
657 _aCHP kamuoyu araştırması
657 _aCHP siyasal eğilim araştırması
710 _aarea Araştırma, Eğitim, Danışmanlık, Organizasyon ve Reklamcılık
740 _a2009 seçmen araştırmaları
740 _a2009 kamuoyu araştırmaları
740 _a2009 siyasal eğilim araştırmaları
830 _aCHP kamuoyu araştırmaları
942 _2ddc
_cBKS
999 _c3511
_d3511